00314nam a2200121Ia 4500008004100000100001900041245006300060260002700123300000800150650001000158942000700168999001700175190216s9999||||xx |||||||||||||| ||und|| aKrishna Prasad 0aHindi- Mahakavi Bhavbhuti Kee Natyakala Aur Mahaveercharit bSalook Prakashanc2008 a159 aHindi cBK c16856d16856